ArcView GIS and ArcGIS : The Geographic information system for Everyone

Contents: Getting started; displaying data; Quering data; Creating data; using other types of data.

שמור ב:
מידע ביבליוגרפי
פורמט: ספר
שפה:Undetermined
יצא לאור: USA United States of America 1996
נושאים:
תגים: הוספת תג
אין תגיות, היה/י הראשונ/ה לתייג את הרשומה!
Thư viện lưu trữ: Trung tâm Học liệu Trường Đại học Cần Thơ
LEADER 00673nam a2200193Ia 4500
001 CTU_233015
008 210402s9999 xx 000 0 und d
082 |a 910.285 
082 |b A668 
245 0 |a ArcView GIS and ArcGIS : 
245 4 |b The Geographic information system for Everyone 
245 0 |c David W. S. Wong, Jay Lee 
260 |a USA 
260 |b United States of America 
260 |c 1996 
520 |a Contents: Getting started; displaying data; Quering data; Creating data; using other types of data. 
650 |a Geographic information systems,Spatial analysis (Statistics) 
910 |a Tuyen 
980 |a Trung tâm Học liệu Trường Đại học Cần Thơ